Destilación multicomponente con alimentación multiple / Fabiola Brito Paulino (Registro nro. 17076)

Detalles MARC
000 -LÍDER
fixed length control field 00518nam a2200133 4500
008 - ELEMENTOS DE LONGITUD FIJA -- INFORMACIÓN GENERAL
fixed length control field 02003 0a 000 0MEX
050 ## - SIGNATURA TOPOGRAFICA DE LA BIBLIOTECA DEL CONGRESO (LC)
Número de Clasificación TP155 M6 B7 2003
082 ## - NUMERO DE CLASIFICACION DECIMAL DEWEY
Número de Clasificación 660.284.25 B7d
100 ## - ASIENTO PRINCIPAL--NOMBRE PERSONAL
Nombre personal Brito Paulino, Fabiola
245 ## - TÍTULO
Título Destilación multicomponente con alimentación multiple / Fabiola Brito Paulino
300 ## - DESCRIPCIÓN FÍSICA
Extensión 38 p. / 29 cm.
502 ## - NOTA DE TESIS
Nota de tesis Monografía. Opción v. I.T.Z. ( Quimica ) M.C. Jorge Rosales P‚rez
650 ## - ASIENTO SECUNDARIO DE MATERIA - TERMINO TEMÁTICO
Término temático o nombre geográfico como elemento de entrada 1. DESTILACION DE MULTICOMPONENTES \ 2. METODOS APROXIMADOS DE DISEÑO
Existencias
No. biblioteca No. biblioteca Número de clasificación Código de barras/Número de adquisición Número de copia Tipo de material
TESIS QUÍMICA TESIS QUÍMICA 660.284.25 B7d Q42-2003 1 Tesis
Calzada Tecnológico # 27, Zacatepec, Morelos.
01(734) 343-07-23 / 343-21-10 / 343-21-11
Apdo. Postal 45 C.P 62780